000 00629nam a22002057a 4500
999 _c14829
_d14829
003 AR-CdUCM
008 190424b ||||| |||| 00| 0 spa d
020 _a978-84-441-6185-3
040 _aMUNICIPALIDAD PROVINCIAL DEL CUSCO
_cBIBLIOTECA MUNICIPAL DEL CUSCO
082 _aPI / 376.12 /
_bM77
100 _aMonreal, Violeta
_933057
245 _aLa sinceridad /
260 _aEspaƱa :
_bEdit. Evergraficas,
_c2012.
300 _a36 paginas ;
_bIlustraciones,
_c18 cm.
_ecd.
440 _aEverest
_933748
650 _aTexto infantil
_929090
650 _aEducativo
_927921
942 _2ddc
_cLIBROS
945 _arjall
_d2019-04-24